| 000 | 00648nam a2200205Ia 4500 | ||
|---|---|---|---|
| 001 | L180-1675 | ||
| 003 | IT-CnALBA | ||
| 008 | 170116s9999||||xx |||||||||||||| ||und|| | ||
| 040 |
_aIT-CnALBA _cIT-CnALBA |
||
| 041 | _aLATINO | ||
| 100 | _aSENECA L. ANNEO | ||
| 245 | 0 | _aCONSOLAZIONE A ELVIA. | |
| 250 | _a1a ed. | ||
| 260 |
_a PADOVA _bLIBRERIA A. DRAGHI _c1943 [1° Ed.:1943 - Ed.Ling.Originale: 1943] |
||
| 300 | _a48 p. | ||
| 501 | _aSocietà San Paolo EM - Piazza San Paolo, 14 - 12051 ALBA (CN) (non commercial uses only) ® Copyright 2017 | ||
| 650 | _aFILOSOFIA ANTICA MEDIOEVALE ORIENTALE | ||
| 942 | _cBK | ||
| 957 | _71 | ||
| 999 |
_a2662 _bSI _g Copie: 1 _c260899 _d260899 |
||